00309nam a2200133Ia 4500003000400000005001700004008004100021020001800062040001700080100002000097245002700117260002200144260000900166OSt20240319095627.0170524s9999 xx 000 0 und d a9780198065296 cIIMTU MEERUT aRaman Meenakshi 0aTechnical commnication bOxford university c2004